[Event "ARM-ch (Women) 75th"]
[Site "Yerevan"]
[Date "2020.01.19"]
[Round "8"]
[White "Ambarjyan, Tereza"]
[Black "Kursova, Maria"]
[Result "0-1"]
[WhiteElo "1514"]
[BlackElo "2241"]
[PlyCount "88"]
[EventDate "2020.01.12"]
[EventType "tourn"]
[EventRounds "9"]
[EventCountry "ARM"]
[SourceTitle "CBM 194 Extra"]
[Source "ChessBase"]
[SourceDate "2020.03.31"]
[SourceVersion "1"]
[SourceVersionDate "2020.03.31"]
[SourceQuality "1"]

1. d4 Nf6 2. c4 e6 3. Nf3 b6 4. Bf4 Bb7 5. e3 Bb4+ 6. Nc3 Ne4 7. Rc1 0-0 8. Bd3 Bxc3+ 9. bxc3 d6 10. 0-0 Nd7 11. h3 Qe7 12. Bh2 f5 13. Nd2 Nxd2 14. Qxd2 Rf6 15. f3 e5 16. Rce1 Raf8 17. Qc2 Kh8 18. Kh1 a5 19. Qf2 Qf7 20. Qc2 Ba6 21. Qa4 Qe7 22. Kg1 Re8 23. Bg3 Qf7 24. f4 Rg6 25. Bh2 Bb7 26. d5 e4 27. Be2 Rh6 28. Kh1 Nc5 29. Qd1 Ba6 30. Rg1 Qf6 31. Qc2 Rf8 32. Rc1 Qh4 33. Qd2 Re8 34. Rcf1 Rf6 35. Qd1 Rh6 36. Qd2 Re7 37. Qd1 Qf6 38. Qd2 Qf7 39. Rd1 Qe8 40. Qd4 Nd3 41. Bxd3 exd3 42. Qxd3 Rxe3 43. Qxf5 Bxc4 44. Qg5 Rh5 0-1

[Event "ARM-ch (Women) 75th"]
[Site "Yerevan"]
[Date "2020.01.15"]
[Round "4"]
[White "Khachatryan, Anna"]
[Black "Ambarjyan, Tereza"]
[Result "1-0"]
[WhiteElo "2051"]
[BlackElo "1514"]
[PlyCount "57"]
[EventDate "2020.01.12"]
[EventType "tourn"]
[EventRounds "9"]
[EventCountry "ARM"]
[SourceTitle "CBM 194 Extra"]
[Source "ChessBase"]
[SourceDate "2020.03.31"]
[SourceVersion "1"]
[SourceVersionDate "2020.03.31"]
[SourceQuality "1"]

1. Nf3 Nf6 2. g3 e6 3. Bg2 d5 4. 0-0 Be7 5. d3 0-0 6. Nbd2 b6 7. e4 Bb7 8. e5 Nfd7 9. Re1 c5 10. Nf1 Nc6 11. h4 Rc8 12. N1h2 Re8 13. c3 b5 14. Bf4 Nb6 15. Ng5 h6 16. Qh5 hxg5 17. hxg5 Nd7 18. Ng4 Nf8 19. Kh2 Ng6 20. Rh1 Nxf4 21. gxf4 Bxg5 22. fxg5 Kf8 23. Qh8+ Ke7 24. Qxg7 Rh8+ 25. Kg3 Rg8 26. Qf6+ Kd7 27. Qxf7+ Ne7 28. Nf6+ Kc6 29. Qxe6+ 1-0

[Event "ARM-ch (Women) 75th"]
[Site "Yerevan"]
[Date "2020.01.13"]
[Round "2"]
[White "Ghukasyan, Siranush"]
[Black "Ambarjyan, Tereza"]
[Result "1/2-1/2"]
[WhiteElo "2246"]
[BlackElo "1514"]
[PlyCount "64"]
[EventDate "2020.01.12"]
[EventType "tourn"]
[EventRounds "9"]
[EventCountry "ARM"]
[SourceTitle "CBM 194 Extra"]
[Source "ChessBase"]
[SourceDate "2020.03.31"]
[SourceVersion "1"]
[SourceVersionDate "2020.03.31"]
[SourceQuality "1"]

1. e4 e6 2. d4 d5 3. Nc3 Nf6 4. e5 Nfd7 5. f4 c5 6. Nf3 Nc6 7. Be3 Qb6 8. Na4 Qa5+ 9. c3 cxd4 10. b4 Qc7 11. Nxd4 a6 12. Rc1 b5 13. Nb2 Nb6 14. Be2 Be7 15. Nd3 Nc4 16. Bf2 0-0 17. 0-0 Bd7 18. Nc5 Nxd4 19. Bxd4 a5 20. Qc2 axb4 21. cxb4 f5 22. exf6 Bxf6 23. Bxf6 Rxf6 24. Rf3 Bc6 25. Bd3 h6 26. Re1 Qd6 27. Rf2 Re8 28. a4 Rxf4 29. axb5 Bxb5 30. Rxf4 Qxf4 31. Bg6 Re7 32. Qa2 Qb8 1/2-1/2